[Event "104th ch-GBR 2017"]
[Site "Llandudno WLS"]
[Date "2017.08.02"]
[Round "5.4"]
[White "Hawkins, Jonathan"]
[Black "Arkell, Keith C"]
[Result "1-0"]
[WhiteTitle "GM"]
[BlackTitle "GM"]
[WhiteElo "2582"]
[BlackElo "2424"]
[WhiteFideId "412686"]
[BlackFideId "400270"]
[EventDate "2017.07.29"]

1. e4 e6 2. d4 d5 3. Nd2 c5 4. exd5 exd5 5. Ngf3 Nf6 6. Bb5+ Nc6 7. O-O Be7 8.
dxc5 O-O 9. Nb3 Ne4 10. Be3 Bg4 11. c4 a6 12. Qxd5 axb5 13. Qxe4 Bxf3 14. Qxf3
bxc4 15. Nd2 Ra4 16. Qd1 Qa5 17. Qc2 Qa6 18. Rac1 Ne5 19. b3 cxb3 20. axb3 Rb4
21. Qf5 Ng4 22. Bf4 Qg6 23. Qxg6 hxg6 24. g3 g5 25. Bc7 Rc8 26. Bd6 Bxd6 27.
cxd6 Rd8 28. Nf3 Rxd6 29. Nxg5 g6 30. Rc7 Rf6 31. h3 Ne5 32. f4 Nc6 33. Rf3 Na5
34. Rd3 Rxb3 35. Rxb3 Nxb3 36. Rxb7 Nd4 37. Kf2 Ne6 38. Ne4 Rf5 39. Nd6 Rf6 40.
Ne8 Rf5 41. h4 Rc5 42. Nd6 Rc2+ 43. Kf3 Rc3+ 44. Kg2 f5 45. h5 Rc2+ 46. Kh3 g5
47. Nxf5 gxf4 48. Nh6+ Kf8 49. Rf7+ Ke8 50. gxf4 Rc1 51. Rf5 Kd7 52. Ng4 Ke7 53.
Nf2 Nd4 54. Ra5 Rg1 55. h6 Rg8 56. h7 Rh8 57. Ra7+ Kf6 58. Ng4+ Kf5 59. Ne5 Ne2
60. Rf7+ Ke6 61. Kg4 Kd5 1-0

[Event "104th ch-GBR 2017"]
[Site "Llandudno WLS"]
[Date "2017.08.02"]
[Round "5.5"]
[White "Kolbus, Dietmar"]
[Black "Adair, James R"]
[Result "0-1"]
[WhiteTitle "IM"]
[BlackTitle "IM"]
[WhiteElo "2306"]
[BlackElo "2481"]
[WhiteFideId "4610628"]
[BlackFideId "406252"]
[EventDate "2017.07.29"]

1. Nf3 d5 2. d4 Nf6 3. c4 e6 4. cxd5 exd5 5. Nc3 c6 6. Qc2 g6 7. Bg5 Be7 8. e3
Bf5 9. Bd3 Bxd3 10. Qxd3 Nbd7 11. O-O O-O 12. Rfe1 Re8 13. Qc2 a5 14. Re2 Nb6
15. a4 Ne4 16. Bxe7 Qxe7 17. Ne5 Nf6 18. Nf3 Nc8 19. Rae1 Nd6 20. Ne5 Nf5 21.
Qb3 Qb4 22. Qc2 Re7 23. Na2 Qd6 24. Rc1 Nd7 25. Nxd7 Rxd7 26. Qd1 Re7 27. Nc3
Rae8 28. Rd2 h5 29. Ne2 Qf6 30. Ng3 Nd6 31. h3 h4 32. Nf1 Ne4 33. Rdc2 g5 34.
Qe1 Qg6 35. Qxa5 f5 36. Qe1 g4 37. hxg4 fxg4 38. b4 Rf7 39. b5 cxb5 40. axb5
Ref8 41. Rc8 Nxf2 42. Rxf8+ Rxf8 43. Qe2 h3 44. Qc2 Ne4 45. Qa2 Qf5 46. Qe2 Qf2+
47. Qxf2 Rxf2 48. gxh3 gxh3 49. Rc8+ Kg7 50. Rc7+ Kg6 51. Nh2 Rg2+ 52. Kf1 Rxh2 0-1

[Event "104th ch-GBR 2017"]
[Site "Llandudno WLS"]
[Date "2017.08.02"]
[Round "5.6"]
[White "Zhou, Yang-Fan"]
[Black "McPhillips, Joseph"]
[Result "1-0"]
[WhiteTitle "IM"]
[BlackTitle "FM"]
[WhiteElo "2468"]
[BlackElo "2400"]
[WhiteFideId "468584"]
[BlackFideId "422487"]
[EventDate "2017.07.29"]

1. e4 c5 2. Nf3 e6 3. g3 d5 4. exd5 exd5 5. Bg2 Qe7+ 6. Qe2 Nc6 7. Nc3 Nb4 8.
Kd1 Qxe2+ 9. Nxe2 Bd6 10. d3 Ne7 11. Bf4 Bxf4 12. Nxf4 Nbc6 13. Re1 O-O 14. Ne5
Re8 15. Kd2 Kf8 16. c4 Nxe5 17. Rxe5 f6 18. Rh5 g6 19. Rxh7 Kg8 20. Rxe7 Rxe7
21. Nxg6 Rh7 22. Bxd5+ Kg7 23. Nh4 Bd7 24. a3 Bc6 25. Bxc6 bxc6 26. b4 Rh5 27.
f4 Rb8 28. Kc3 Re8 29. Ra2 Re1 30. bxc5 Rxc5 31. Rb2 Ra5 32. Kb4 Rh5 33. f5 Re5
34. d4 c5+ 35. dxc5 Rh8 36. Kc3 Rd8 37. Rb7+ Kg8 38. c6 a5 39. Rd7 Rde8 40. Ng6
Re3+ 41. Rd3 Rxd3+ 42. Kxd3 Rd8+ 43. Ke4 Kf7 44. c5 a4 45. h4 Re8+ 46. Kd5 Rd8+
47. Kc4 Rb8 48. h5 Kg7 49. Ne7 Rf8 50. c7 Kh8 51. Ng6+ Kg7 52. Nxf8 Kh6 53. c8=Q
Kg5 54. Ne6+ Kg4 55. h6 Kf3 56. h7 1-0

[Event "104th ch-GBR 2017"]
[Site "Llandudno WLS"]
[Date "2017.08.02"]
[Round "5.7"]
[White "Zakarian, David"]
[Black "Ghasi, Ameet K"]
[Result "0-1"]
[WhiteTitle "FM"]
[BlackTitle "IM"]
[WhiteElo "2360"]
[BlackElo "2467"]
[WhiteFideId "13301276"]
[BlackFideId "409200"]
[EventDate "2017.07.29"]

1. e4 c5 2. Nf3 e6 3. c3 Nf6 4. Qe2 b6 5. d3 Bb7 6. g3 Be7 7. Bg2 d6 8. O-O Nbd7
9. Nbd2 O-O 10. Ne1 Qc7 11. f4 b5 12. g4 g6 13. Rf2 Qb6 14. Nf1 c4 15. d4 d5 16.
e5 Ne4 17. Bxe4 dxe4 18. Be3 f6 19. Ng2 Qc6 20. Ng3 fxe5 21. f5 exd4 22. cxd4
Nb6 23. Bh6 exf5 24. Bxf8 Rxf8 25. gxf5 g5 26. Rd1 Re8 27. Nh5 Nd7 28. Ne3 Rf8
29. Rg2 Kh8 30. Qd2 Qh6 31. Qe2 Bd6 32. Qg4 Bf4 33. Re1 Nf6 34. Nxf6 Qxf6 35.
Rd2 b4 36. Qd1 Rc8 37. Rc2 c3 38. bxc3 bxc3 39. Qb1 Qxd4 40. Qxb7 Bxe3+ 41. Kg2
Rf8 42. Rce2 Bd2 43. Rxe4 Qf6 44. Rf1 Bf4 45. Rc4 Qe5 46. Rf2 Rd8 47. Rc8 Rxc8
48. Qxc8+ Kg7 49. Qc4 Qxf5 50. Qxc3+ Kg6 51. Qc6+ Kh5 52. Qe8+ Kh4 53. Qe1 Qd5+
54. Kg1 Qd4 55. Kg2 Qd5+ 56. Kg1 Qd4 57. Kh1 Qd5+ 58. Rg2+ Kh5 59. Qe2+ Kh6 60.
Qc2 Qf3 61. Qe2 Qd5 62. Kg1 Qd4+ 63. Kf1 Qd5 64. Qa6+ Kh5 65. Qe2+ Kh6 66. Ke1
Qa5+ 67. Kd1 Qd5+ 68. Kc2 Qc5+ 69. Kb3 Qd5+ 70. Kc2 Qxa2+ 71. Kd3 Qd5+ 72. Kc2
Qc6+ 73. Kb3 a5 74. Qg4 a4+ 75. Kb2 Qb5+ 76. Kc3 Be5+ 77. Kd2 Qb2+ 78. Ke3 Bf4+
79. Kd3 Qb3+ 80. Kd4 Qb4+ 81. Kd3 Qb5+ 82. Kd4 Qe5+ 83. Kc4 Qe4+ 84. Kb5 a3 85.
Qh3+ Kg6 86. Qg4 a2 87. Rxa2 Qd5+ 88. Kb6 Qxa2 89. h4 Qb3+ 90. Kc6 Qc4+ 91. Kd7
Qc7+ 92. Ke8 Qf7+ 93. Kd8 Bc7+ 94. Kc8 Qf5+ 95. Qxf5+ Kxf5 96. hxg5 Kxg5 0-1

[Event "104th ch-GBR 2017"]
[Site "Llandudno WLS"]
[Date "2017.08.02"]
[Round "5.8"]
[White "Eggleston, David J"]
[Black "Ward, Chris G"]
[Result "1-0"]
[WhiteTitle "IM"]
[BlackTitle "GM"]
[WhiteElo "2394"]
[BlackElo "2441"]
[WhiteFideId "412120"]
[BlackFideId "400203"]
[EventDate "2017.07.29"]

1. e4 e6 2. d4 d5 3. Nc3 Nf6 4. Bg5 dxe4 5. Nxe4 Be7 6. Bxf6 gxf6 7. Nf3 f5 8.
Nc3 a6 9. g3 b5 10. Bg2 Bb7 11. O-O c5 12. d5 b4 13. dxe6 bxc3 14. exf7+ Kf8 15.
Qc1 Qd6 16. bxc3 Be4 17. Rd1 Qf6 18. Nh4 Bxg2 19. Kxg2 Qc6+ 20. f3 Bxh4 21. gxh4
Kxf7 22. Qf4 Rg8+ 23. Kh1 Rg6 24. Qxf5+ Kg7 25. h5 Rf6 26. Rg1+ Kf8 27. Qxh7
Qxf3+ 28. Rg2 Rf7 29. Qg8+ Ke7 30. h6 Nd7 31. h7 Rff8 32. Qg5+ Kd6 33. Qd2+ Qd5
34. Rd1 Qxd2 35. Rgxd2+ Ke6 36. Rxd7 Kf6 37. Rf1+ Kg6 38. Rxf8 Rxf8 39. c4 Kh6
40. a4 a5 41. Rf7 Re8 42. Kg2 Kg6 43. Re7 Rf8 44. Rc7 Rd8 45. Kf3 Kh6 46. Ke4
Kg6 47. Rd7 Rc8 48. Kd5 Kh6 49. Rc7 1-0

[Event "104th ch-GBR 2017"]
[Site "Llandudno WLS"]
[Date "2017.08.02"]
[Round "5.9"]
[White "Hanley, Craig A"]
[Black "Horton, Andrew P"]
[Result "1-0"]
[WhiteTitle "IM"]
[BlackTitle "FM"]
[WhiteElo "2441"]
[BlackElo "2324"]
[WhiteFideId "408514"]
[BlackFideId "424269"]
[EventDate "2017.07.29"]

1. d4 Nf6 2. c4 e6 3. g3 Bb4+ 4. Nd2 c5 5. a3 Bxd2+ 6. Qxd2 cxd4 7. Nf3 b6 8.
Bg2 Bb7 9. O-O O-O 10. Qxd4 Nc6 11. Qf4 d5 12. b4 dxc4 13. Bb2 c3 14. Bxc3 Nd5
15. Qd2 Nxc3 16. Qxc3 Rc8 17. Rfd1 Qe7 18. Rac1 Rfd8 19. Qe3 Rxd1+ 20. Rxd1 h6
21. h4 Qc7 22. Rd3 Qe7 23. b5 Na5 24. Ne5 Nc4 25. Nxc4 Rxc4 26. Bxb7 Qxb7 27.
Rd8+ Kh7 28. f3 Qc7 29. Qd3+ f5 30. Kg2 Rc3 31. Qd4 Rc4 32. Qd6 Qxd6 33. Rxd6
Ra4 34. Rxe6 Rxa3 35. h5 Ra5 36. Re7 Kg8 37. Kf2 Rxb5 38. Rxa7 Rb1 39. Re7 Rb5
40. Ke3 Kf8 41. Rb7 Re5+ 42. Kd3 Rd5+ 43. Ke3 Re5+ 44. Kf2 Rb5 45. g4 fxg4 46.
fxg4 Rb1 47. Kf3 Kg8 48. Kf4 Rf1+ 49. Ke5 Rg1 50. Kf4 Rf1+ 51. Kg3 Rg1+ 52. Kf3
Rf1+ 53. Kg2 Rb1 54. Rd7 b5 55. Kf3 Rf1+ 56. Ke4 b4 57. Rb7 Rb1 58. Kf5 Rf1+ 59.
Ke5 Rb1 60. e4 b3 61. Ke6 Kh7 62. e5 Rb2 63. Rb8 Rb1 64. Ke7 Rb2 65. e6 Rb1 66.
Ke8 b2 67. Ke7 g6 68. Rb7 gxh5 69. Kf6+ Kg8 70. e7 Re1 71. Rxb2 Kh7 72. Rb8 Rf1+
73. Ke6 Re1+ 74. Kd6 hxg4 75. e8=Q Rxe8 76. Rxe8 Kg6 77. Ke5 Kg5 78. Rg8+ Kh4
79. Kf4 h5 80. Rh8 g3 81. Kf3 Kh3 82. Rxh5# 1-0

[Event "104th ch-GBR 2017"]
[Site "Llandudno WLS"]
[Date "2017.08.02"]
[Round "5.10"]
[White "Rudd, Jack"]
[Black "Wells, Peter K"]
[Result "0-1"]
[WhiteTitle "IM"]
[BlackTitle "GM"]
[WhiteElo "2252"]
[BlackElo "2434"]
[WhiteFideId "405736"]
[BlackFideId "400327"]
[EventDate "2017.07.29"]

1. c4 e6 2. Nc3 Nf6 3. Nf3 Bb4 4. Qb3 c5 5. a3 Ba5 6. g4 Nc6 7. g5 Ng4 8. Rg1
Nge5 9. Nxe5 Nxe5 10. d3 d5 11. Bd2 d4 12. Ne4 Bxd2+ 13. Nxd2 O-O 14. Ne4 Qa5+
15. Kd1 Bd7 16. a4 Bc6 17. Bg2 Rab8 18. Kc2 Bxe4 19. Bxe4 a6 20. h4 Qc7 21. h5
b5 22. axb5 axb5 23. cxb5 c4 24. dxc4 Nxc4 25. Bc6 Ne5 26. Ra6 Rfc8 27. Qa4 Nxc6
28. Rxc6 Qe5 29. Kb1 Rxc6 30. bxc6 d3 31. b3 Qc3 32. Ka2 dxe2 33. h6 e1=Q 34.
Rxe1 Qxe1 35. c7 Qxf2+ 36. Ka1 Qg1+ 37. Ka2 Qh2+ 0-1

[Event "104th ch-GBR 2017"]
[Site "Llandudno WLS"]
[Date "2017.08.02"]
[Round "5.11"]
[White "Merry, Alan B"]
[Black "Jackson, James P"]
[Result "1-0"]
[WhiteTitle "IM"]
[BlackTitle "FM"]
[WhiteElo "2427"]
[BlackElo "2286"]
[WhiteFideId "418811"]
[BlackFideId "416860"]
[EventDate "2017.07.29"]

1. e4 c5 2. Nf3 e6 3. g3 d5 4. exd5 exd5 5. d4 Nf6 6. Bg2 Be7 7. O-O O-O 8. Be3
Ng4 9. Bf4 Nc6 10. Nc3 Be6 11. Qd2 h6 12. Rad1 Nf6 13. Rfe1 Rc8 14. dxc5 Bxc5
15. a3 Bb6 16. Be3 Ba5 17. Nd4 Bg4 18. f3 Bh5 19. Nb3 Bxc3 20. Qxc3 Re8 21. Qd2
Ne5 22. Qf2 b6 23. Bd4 Qd6 24. c3 Bg6 25. Nc1 Rcd8 26. Re2 Ned7 27. Rxe8+ Rxe8
28. Ne2 Bc2 29. Rd2 Bb3 30. Nf4 Bc4 31. Bh3 Ne5 32. Bf5 Nc6 33. Ng2 Nxd4 34.
Qxd4 Qe5 35. Qxe5 Rxe5 36. Bc2 Re2 37. Rxe2 Bxe2 38. Kf2 Bc4 39. Ke3 Kf8 40. Kd4
Be2 41. f4 Ng4 42. h3 Nf6 43. Ne3 Nh5 44. Kxd5 Bf3+ 45. Kd6 Nxg3 46. Kc7 Ke7 47.
Kb8 a5 48. Kc7 b5 49. Kb6 b4 50. c4 bxa3 51. bxa3 Nh5 52. f5 Nf4 53. c5 Nxh3 54.
c6 Bxc6 55. Kxc6 Kf6 56. Kb5 Nf2 57. Kxa5 h5 58. Kb6 h4 59. a4 h3 60. Nf1 1-0

[Event "104th ch-GBR 2017"]
[Site "Llandudno WLS"]
[Date "2017.08.02"]
[Round "5.12"]
[White "Murphy, Conor E"]
[Black "Williams, Simon K"]
[Result "1/2-1/2"]
[BlackTitle "GM"]
[WhiteElo "2154"]
[BlackElo "2442"]
[WhiteFideId "421669"]
[BlackFideId "404454"]
[EventDate "2017.07.29"]

1. Nf3 d6 2. c4 g6 3. g3 Bg7 4. Bg2 e5 5. Nc3 f5 6. d3 Nf6 7. O-O O-O 8. Rb1 h6
9. b4 g5 10. b5 Nbd7 11. a4 f4 12. Ba3 Qe8 13. Qb3 Kh8 14. Rbc1 fxg3 15. hxg3
Qf7 16. Qc2 Ng4 17. Nd5 Nc5 18. Bxc5 dxc5 19. Nc3 Qh5 20. Rfe1 Be6 21. Ne4 b6
22. a5 Bf5 23. Ra1 Rad8 24. axb6 axb6 25. Ra7 Rd7 26. Rea1 Bxe4 27. dxe4 Nxf2
28. Kxf2 g4 29. Ra8 gxf3 30. exf3 Qg5 31. Rxf8+ Bxf8 32. Rd1 Rd4 33. Qc1 Qd8 34.
Ke2 Qa8 35. Qc2 Qa3 36. Rd3 Qb4 37. Rc3 Kg7 38. Bf1 Be7 39. Ke3 Qa5 40. Be2 Qa8
41. f4 Bd6 42. Bg4 Qf8 43. Bf5 Qf6 44. Qg2 Kf8 45. Rc1 Qd8 46. Qf3 exf4+ 47.
gxf4 Rd3+ 48. Kxd3 Bxf4+ 49. Kc2 Qd2+ 50. Kb3 Qxc1 51. Qd3 Bd6 52. e5 Be7 53.
Qf3 Bg5 54. Bg6+ Qf4 55. Qxf4+ Bxf4 56. Kc3 Kg7 57. Bh5 Bxe5+ 58. Kd3 Kf6 59.
Ke4 Bd6 60. Kf3 Kg5 61. Bf7 h5 62. Kg2 h4 63. Be6 Kf6 64. Bg8 Ke5 65. Kh3 Be7
66. Kh2 Kd4 67. Bf7 Ke5 68. Bg8 c6 69. bxc6 Kd6 70. c7 Kxc7 71. Bf7 Kd6 72. Bg8
Ke5 73. Bf7 Bd8 74. Bg8 Kf5 75. Bf7 Kg4 76. Be6+ Kf4 77. Bg8 Bc7 78. Kh1 Kg3 79.
Bf7 h3 80. Bg8 Kf4 81. Be6 Kg3 82. Bg8 h2 83. Bf7 Kf3 84. Bg8 Ke4 85. Bf7 Kd4
86. Bg8 Kc3 87. Bf7 Kb4 88. Bg8 b5 89. cxb5 c4 90. Bxc4 1/2-1/2

[Event "104th ch-GBR 2017"]
[Site "Llandudno WLS"]
[Date "2017.08.02"]
[Round "5.13"]
[White "Dineley, Richard"]
[Black "Pert, Nicholas"]
[Result "0-1"]
[BlackTitle "GM"]
[WhiteElo "2269"]
[BlackElo "2558"]
[WhiteFideId "1800680"]
[BlackFideId "403989"]
[EventDate "2017.07.29"]

1. e4 c5 2. Nf3 Nc6 3. d4 cxd4 4. Nxd4 e5 5. Nb5 d6 6. Be3 Nf6 7. Bg5 Be6 8.
Bxf6 gxf6 9. Nd2 a6 10. Nc3 f5 11. Bc4 Qg5 12. g3 O-O-O 13. Nd5 Bh6 14. c3 Qxd2+
15. Qxd2 Bxd2+ 16. Kxd2 fxe4 17. a3 Kb8 18. Ke3 f5 19. Rhd1 Rhf8 20. Ba2 Bf7 21.
b4 Bh5 22. Rg1 Rde8 23. Raf1 Ne7 24. Nxe7 Rxe7 25. Bd5 Bf7 26. Rd1 Rc7 27. Bxf7
Rfxf7 28. Rxd6 Rxc3+ 29. Kd2 Rxa3 30. Rc1 f4 31. Rc3 Ra2+ 32. Rc2 e3+ 33. fxe3
fxe3+ 34. Kd3 Rxc2 35. Kxc2 Rf1 0-1

[Event "104th ch-GBR 2017"]
[Site "Llandudno WLS"]
[Date "2017.08.02"]
[Round "5.14"]
[White "Hebden, Mark L"]
[Black "Richardson, John R"]
[Result "1/2-1/2"]
[WhiteTitle "GM"]
[BlackTitle "FM"]
[WhiteElo "2477"]
[BlackElo "2237"]
[WhiteFideId "400084"]
[BlackFideId "401617"]
[EventDate "2017.07.29"]

1. d4 Nf6 2. Nf3 e6 3. Bg5 h6 4. Bh4 b6 5. e3 Bb7 6. Nbd2 d6 7. Bb5+ c6 8. Bd3
g5 9. Bg3 Nh5 10. Qe2 Nxg3 11. hxg3 Bg7 12. g4 Qe7 13. c3 c5 14. Nf1 Nd7 15. Ng3
Nf6 16. Nh5 Nxh5 17. Rxh5 O-O-O 18. O-O-O Kb8 19. Kb1 f5 20. gxf5 exf5 21. Bxf5
Rhf8 22. Bd3 Qf7 23. Rh2 Bxf3 24. gxf3 Qxf3 25. Qc2 Rde8 26. Be2 Qf5 27. Bd3 Qe6
28. Qa4 Re7 29. Rg1 Rc7 30. a3 cxd4 31. cxd4 Qd5 32. Ba6 Qf5+ 33. Ka2 Qc2 34.
Qxc2 Rxc2 35. Rgg2 Rf7 36. Kb1 Rfc7 37. Rh1 d5 38. Bb5 Bf8 39. Rd1 Rc8 40. Bd7
R8c7 41. Be6 Re2 42. Bg4 Rec2 43. Bf3 b5 44. Bxd5 b4 45. a4 Kc8 46. Rf1 Kd7 47.
f4 Rxg2 48. Bxg2 g4 49. f5 h5 50. e4 h4 51. Rc1 h3 52. Bf1 Bg7 53. e5 Rxc1+ 54.
Kxc1 Kc6 55. f6 Bh6+ 56. Kc2 Kd5 57. a5 Be3 58. f7 Bh6 59. Kd3 Bf8 60. Ke3 Bh6+
61. Kf2 Kxd4 62. e6 Bf8 63. Kg3 Ke5 64. Bc4 Kd4 65. Be2 Bd6+ 66. Kxg4 h2 67. Bf3
Ke5 68. e7 1/2-1/2

[Event "104th ch-GBR 2017"]
[Site "Llandudno WLS"]
[Date "2017.08.02"]
[Round "5.15"]
[White "Palliser, Richard J D"]
[Black "Batchelor, Peter J"]
[Result "1-0"]
[WhiteTitle "IM"]
[BlackTitle "FM"]
[WhiteElo "2408"]
[BlackElo "2309"]
[WhiteFideId "407372"]
[BlackFideId "424854"]
[EventDate "2017.07.29"]

1. e4 c6 2. d4 d5 3. exd5 cxd5 4. c4 Nf6 5. Nc3 Nc6 6. Nf3 g6 7. cxd5 Nxd5 8.
Qb3 e6 9. Bb5 Bg7 10. Bg5 f6 11. Bd2 Kf7 12. O-O Nxc3 13. Bxc3 Ne7 14. d5 Nxd5
15. Rad1 Qb6 16. Bd4 Qa5 17. Nd2 Qb4 18. Qxb4 Nxb4 19. Ne4 b6 20. Rc1 Rf8 21.
Nd6+ Ke7 22. Rc7+ Kxd6 23. Rxg7 Nd5 24. Rc1 Ne7 25. Bc3 a5 26. b4 a4 27. Bd4 Ba6
28. Bxa4 Rfc8 29. Re1 Bc4 30. Bxf6 Rxa4 31. Bxe7+ Kc6 32. Rxh7 Rc7 33. Rh4 Kb5
34. Bd8 Rc6 35. Rg4 Rxa2 36. Rxg6 Kxb4 37. h4 b5 38. Rg3 Ka4 39. h5 Rc5 40. Bg5
b4 41. h6 Rc7 42. Rc1 b3 43. Bf6 b2 44. Bxb2 Rxb2 45. Rgc3 Kb5 46. h7 Rxh7 47.
Rxc4 Rb7 48. Rc6 Rf7 49. Rc8 Rb7 50. Re1 Rb6 51. Re8 1-0

[Event "104th ch-GBR 2017"]
[Site "Llandudno WLS"]
[Date "2017.08.02"]
[Round "5.16"]
[White "Houska, Jovanka"]
[Black "Kalavannan, Koby"]
[Result "1-0"]
[WhiteTitle "IM"]
[WhiteElo "2402"]
[BlackElo "2175"]
[WhiteFideId "405094"]
[BlackFideId "425753"]
[EventDate "2017.07.29"]

1. d4 Nf6 2. Nf3 g6 3. g3 Bg7 4. Bg2 O-O 5. c4 d6 6. O-O Nc6 7. Nc3 e5 8. dxe5
dxe5 9. Bg5 Be6 10. Qa4 Qc8 11. Nd2 h6 12. Bxf6 Bxf6 13. Nde4 Be7 14. Nd5 Rd8
15. Rfd1 Bxd5 16. cxd5 Nd4 17. e3 Nf5 18. Rac1 Nd6 19. h4 Nxe4 20. Qxe4 Bd6 21.
h5 Kg7 22. hxg6 fxg6 23. Qh4 Qf5 24. Rd2 Rf8 25. Bh3 g5 26. Qh5 Qg6 27. Qe2 h5
28. Be6 Rae8 29. e4 h4 30. Qg4 Rh8 31. Rdc2 Re7 32. Kg2 hxg3 33. fxg3 Qh6 34.
Bf5 Qh5 35. Qxh5 Rxh5 36. Kf3 Rh8 37. Kg4 Kf8 38. Bc8 b5 39. a3 a5 40. Rf2+ Rf7
41. Bf5 Ke7 42. Rc6 Rf6 43. Rfc2 Rfh6 44. Kxg5 Rh5+ 45. Kg4 Rh2 46. Rxc7+ Bxc7
47. Rxc7+ Kf6 48. Rc6+ Kf7 49. Bg6+ Kg7 50. Kg5 Rf8 51. b4 axb4 52. axb4 Rb2 53.
Re6 Rxb4 54. Rxe5 Rb3 55. Re7+ Kg8 56. g4 Rb8 57. d6 Rf3 58. Bf5 Rd3 59. e5 Rd4
60. Kg6 Kf8 61. Rh7 Kg8 62. Be6+ Kf8 63. Rh8# 1-0

[Event "104th ch-GBR 2017"]
[Site "Llandudno WLS"]
[Date "2017.08.02"]
[Round "5.17"]
[White "Graham, David B"]
[Black "Arakhamia-Grant, Ketevan"]
[Result "1/2-1/2"]
[BlackTitle "GM"]
[WhiteElo "2201"]
[BlackElo "2364"]
[WhiteFideId "408131"]
[BlackFideId "13600168"]
[EventDate "2017.07.29"]

1. e4 c5 2. Nc3 e6 3. Nf3 a6 4. g3 b5 5. Bg2 Bb7 6. d4 b4 7. Na4 Bxe4 8. Nxc5
Bd5 9. O-O Nf6 10. a3 a5 11. axb4 axb4 12. Rxa8 Bxa8 13. Bg5 Be7 14. Qa1 Nc6 15.
c3 O-O 16. Qa4 bxc3 17. bxc3 Bxc5 18. dxc5 Qa5 19. Qxa5 Nxa5 20. Ne5 Bxg2 21.
Kxg2 Ne4 22. Nxd7 Rc8 23. Be3 f6 24. Kf3 f5 25. Rb1 Nc6 26. Rb3 Rc7 27. Nb8 Ne5+
28. Ke2 Nxc5 29. Rb5 Ned7 30. Nxd7 Nxd7 31. Bd4 g5 32. f4 g4 33. Kd3 Kf7 34. Ra5
Ke7 35. Ra8 Kd6 36. Ra6+ Rc6 37. Ra8 Rc7 38. Rd8 Rb7 39. Rh8 Kd5 40. c4+ Kc6 41.
Kc3 Rb1 42. Rxh7 Rc1+ 43. Kd3 Rd1+ 44. Kc3 Rc1+ 45. Kd3 Rd1+ 46. Kc3 Rc1+ 1/2-1/2

[Event "104th ch-GBR 2017"]
[Site "Llandudno WLS"]
[Date "2017.08.02"]
[Round "5.18"]
[White "Fitzsimons, David"]
[Black "Gaudeau, Valentin"]
[Result "1/2-1/2"]
[WhiteTitle "FM"]
[WhiteElo "2352"]
[BlackElo "2170"]
[WhiteFideId "2501961"]
[BlackFideId "662216"]
[EventDate "2017.07.29"]

1. e4 e5 2. Nf3 Nf6 3. d4 Nxe4 4. Bd3 d5 5. dxe5 Nc5 6. Nc3 c6 7. O-O Be7 8. Nd4
Nxd3 9. Qxd3 O-O 10. Qg3 Kh8 11. Bf4 Na6 12. Rad1 Nc7 13. Rfe1 Bh4 14. Qf3 Ne6
15. Be3 Nxd4 16. Bxd4 Be6 17. Bc5 Be7 18. Bxe7 Qxe7 19. Ne2 Rae8 20. Nf4 Qg5 21.
Qe3 Qh6 22. g3 g5 23. Nxe6 Rxe6 24. Qxa7 b5 25. Qd4 Rfe8 26. Kg2 Qg7 27. Qc5 Qg6
28. Qc3 Kg8 29. Re3 Qh5 30. Rh1 g4 31. h3 Rxe5 32. hxg4 Rxe3 33. Qxe3 Qe5 34.
Qxe5 Rxe5 35. Rh6 c5 36. Rc6 c4 37. Rc5 Re2 38. Rxd5 c3 39. Rxb5 Rxc2 40. bxc3
Rxc3 41. a4 Ra3 42. a5 Kg7 43. Kh3 h6 44. g5 hxg5 45. Rxg5+ Kf6 46. Rb5 Ra4 47.
f4 Ra3 48. Kg4 Kg7 49. Kh4 Kg6 50. g4 f6 51. f5+ Kh6 52. Rb6 Kg7 53. a6 Ra2 54.
Rb7+ Kh6 55. a7 Rxa7 56. Rb8 Kg7 57. Kh5 Rc7 58. Rb6 Ra7 59. Re6 Rb7 60. Kh4 Ra7
61. Kg3 Ra3+ 62. Kf4 Ra4+ 63. Kf3 Ra3+ 64. Ke4 Ra4+ 65. Kd5 Ra5+ 66. Kc6 Ra6+
67. Kb5 Ra7 68. Re4 Kh6 69. Kc6 Kg5 70. Kd5 Ra5+ 71. Kd6 Ra6+ 72. Ke7 Ra7+ 73.
Kf8 Ra8+ 74. Kf7 Ra7+ 75. Re7 Ra4 76. Re6 Ra7+ 77. Re7 Ra4 78. Re8 Rxg4 79. Rg8+
Kxf5 80. Rxg4 Kxg4 81. Kxf6 1/2-1/2

[Event "104th ch-GBR 2017"]
[Site "Llandudno WLS"]
[Date "2017.08.02"]
[Round "5.19"]
[White "Pritchett, Craig W"]
[Black "Moore, Graham J"]
[Result "0-1"]
[WhiteTitle "IM"]
[WhiteElo "2326"]
[BlackElo "2155"]
[WhiteFideId "2400065"]
[BlackFideId "441988"]
[EventDate "2017.07.29"]

1. Nf3 Nf6 2. c4 g6 3. Nc3 Bg7 4. e4 d6 5. d4 O-O 6. Be2 e5 7. O-O exd4 8. Nxd4
Re8 9. f3 c6 10. Kh1 Nbd7 11. Bg5 Qb6 12. Nb3 a5 13. Qd2 a4 14. Be3 Qd8 15. Nd4
Nc5 16. Rad1 Nfd7 17. Rfe1 Be5 18. Bf1 Qa5 19. Qc2 a3 20. b3 Ne6 21. Nde2 Ndf8
22. f4 Bg7 23. Rxd6 Nc5 24. Rdd1 Bg4 25. Bd2 Rad8 26. Na4 Rxd2 27. Qxd2 Qxd2 28.
Rxd2 Nxe4 29. Rc2 Bf5 30. Kg1 b5 31. cxb5 cxb5 32. Nc5 Nc3 33. Rd2 b4 34. Kf2
Rc8 35. Nxc3 Bxc3 36. Rd5 Bxe1+ 37. Kxe1 Bb1 38. Bc4 Bxa2 39. Na6 Rxc4 40. bxc4
Bxc4 41. Ra5 b3 42. Kd2 b2 43. Kc2 Bd3+ 0-1

[Event "104th ch-GBR 2017"]
[Site "Llandudno WLS"]
[Date "2017.08.02"]
[Round "5.20"]
[White "Longson, Alexander"]
[Black "Shaw, Peter"]
[Result "1-0"]
[WhiteTitle "FM"]
[WhiteElo "2323"]
[BlackElo "2103"]
[WhiteFideId "408093"]
[BlackFideId "411361"]
[EventDate "2017.07.29"]

1. e4 g6 2. d4 Bg7 3. Nc3 d6 4. Be3 a6 5. f4 b5 6. Bd3 Bb7 7. Nf3 Nd7 8. e5 c5
9. Be4 Bxe4 10. Nxe4 Nh6 11. dxc5 Ng4 12. Qe2 dxe5 13. fxe5 Ngxe5 14. c3 O-O 15.
O-O Qc7 16. Kh1 Qc6 17. Nxe5 Nxe5 18. Bd4 Nd7 19. Bxg7 Kxg7 20. b4 f5 21. Ng5 e5
22. Rad1 Rf6 23. Rd2 e4 24. Rfd1 Ne5 25. Rd6 Rxd6 26. Rxd6 Qe8 27. Ne6+ Kg8 28.
Nc7 Qf8 29. Nxa8 Qxa8 30. Qd2 Nd3 31. Qg5 1-0

[Event "104th ch-GBR 2017"]
[Site "Llandudno WLS"]
[Date "2017.08.02"]
[Round "5.21"]
[White "Hunt, Adam C"]
[Black "Sun, Xinyue"]
[Result "1-0"]
[WhiteTitle "IM"]
[BlackTitle "WFM"]
[WhiteElo "2424"]
[BlackElo "2132"]
[WhiteFideId "403970"]
[BlackFideId "8600813"]
[EventDate "2017.07.29"]

1. e4 c5 2. Nf3 d6 3. d4 cxd4 4. Nxd4 Nf6 5. Nc3 a6 6. Qe2 e6 7. g4 Qb6 8. Nb3
Nc6 9. g5 Nd7 10. f4 Qc7 11. Be3 b5 12. O-O-O Nb6 13. Qf2 Na4 14. Nxa4 bxa4 15.
Bb6 Qb7 16. Na5 Nxa5 17. Bxa5 Bd7 18. Bd3 Be7 19. Rhg1 f6 20. Bc3 O-O 21. gxf6
Bxf6 22. Bxf6 Rxf6 23. Qd4 Raf8 24. Qxd6 Bc6 25. Rde1 Rxf4 26. Qxe6+ Kh8 27.
Rgf1 a3 28. bxa3 h6 29. Rxf4 Rxf4 30. e5 Be4 31. Qe8+ Kh7 32. Rxe4 Rxe4 33. Qa4
Qb6 34. Qxe4+ Kg8 35. Bc4+ Kf8 36. Qf5+ Ke7 37. Qf7+ Kd8 38. Qf8+ Kd7 39. Qxg7+
Kc8 40. Qf8+ Kc7 41. Qe7+ Kc8 42. Qe6+ 1-0

[Event "104th ch-GBR 2017"]
[Site "Llandudno WLS"]
[Date "2017.08.02"]
[Round "5.22"]
[White "Haria, Ravi"]
[Black "Moreby, James"]
[Result "1/2-1/2"]
[WhiteTitle "FM"]
[WhiteElo "2417"]
[BlackElo "2149"]
[WhiteFideId "415820"]
[BlackFideId "427756"]
[EventDate "2017.07.29"]

1. Nf3 Nf6 2. g3 g6 3. b3 Bg7 4. Bb2 d6 5. d4 c5 6. Bg2 cxd4 7. Nxd4 d5 8. O-O
O-O 9. c4 dxc4 10. bxc4 Qb6 11. Qb3 Nfd7 12. Rd1 Nc6 13. e3 Nc5 14. Qxb6 axb6
15. Nc3 Nxd4 16. exd4 Na4 17. Rab1 Nxc3 18. Bxc3 Rxa2 19. Rdc1 Ra4 20. Bf1 Rd8
21. d5 Bxc3 22. Rxc3 Rd6 23. h4 Bf5 24. Re1 e6 25. Bg2 h5 26. Bf3 Kg7 1/2-1/2